Les Sébastien célèbres - Statistiques

Statistiques générales
  • Ce quiz a été pris 185 fois
  • Le résultat moyen est 4 sur 12
Statistiques - réponses
Par images Réponse % Correct
Sébastien Chabal
96%
Sébastien Cauet
90%
Sébastien Loeb
90%
Sébastien Ogier
32%
Sébastien Corchia
27%
Sébastien Lecornu
27%
Sébastien Chenu
25%
Sébastien Thoen
21%
Sébastien Grosjean
19%
Sébastien Roch
7%
Sébastien Le Prestre de Vauban
4%
Sébastien Courivaud
2%
Aucun quiz correspondant
Distribution des résultats
% des personnes avec chaque résultat
Percentile par nombre de réponses
Votre historique - résultats
Vous n’avez pas pris ce quiz